000 00992cam a22003257a 4500
003 CHAP
005 20220817041841.0
008 971013d1976 it r 10010 spa d
010 _a26470
011 _a27442
035 _a31543
040 _cCHAP
082 _a639.2
_bF46Y v.188
110 _aFAO
245 1 0 _aInforme de la conferencia técnica de la fao sobre acuicultura
260 _aRoma :
_bFAO,
_c1976
300 _a98 p.
490 0 _aFAO. Informe de pesca
_v; 188
590 _aBATCH-UPD
_b10
_c20130110
_lUCH01
_h1043
590 _aBATCH-UPD
_b10
_c20130410
_lUCH01
_h0642
590 _aBATCH-UPD
_b10
_c20130914
_lUCH01
_h1347
590 _aCONVERSION
_b10
_c20130109
_lUCH01
_h1315
650 1 4 _aPiscicultura.
_988531
650 1 4 _aPolítica piscícola.
_990691
830 0 _aFAO. Informe de pesca
_v; 188
_939587
901 _aBK
905 _aPatricia Mendoza P.
942 _cLIBRO
949 _a639.2 F46Y v.188
_bBC
_cFAO
_d33724000779468
_eFAO1
_h97519
_i31543
_kDonaciØn
_sb
999 _c26470
_d26470